[Event "Hunan Belt and Road Open 2019"]
[Site "Hunan"]
[Date "2019.08.05"]
[Round "8.36"]
[White "Lin, Weiguo"]
[Black "Li, Shilong"]
[Result "0-1"]
[WhiteElo "2408"]
[BlackElo "2457"]
[Annotator "ChessBase"]
[PlyCount "102"]
[EventDate "2019.07.29"]
[EventType "swiss"]
[EventCountry "CHN"]
[SourceTitle "playchess.com"]
[Source "ChessBase"]
[SourceQuality "1"]
[TimeControl "5400+30"]

1. d4 {[%emt 0:00:00]} Nf6 {[%emt 0:02:12]} 2. c4 {[%emt 0:00:00]} g6 {[%emt 0:00:05]} 3. g3 {[%emt 0:00:00]} Bg7 {[%emt 0:00:04]} 4. Bg2 {[%emt 0:00:00]} O-O {[%emt 0:00:18]} 5. Nc3 {[%emt 0:00:07]} d6 {[%emt 0:00:12]} 6. Nf3 {[%emt 0:00:17]} Nbd7 {[%emt 0:00:08]} 7. O-O {[%emt 0:00:08]} e5 {[%emt 0:00:04]} 8. e4 {[%emt 0:00:07]} c6 {[%emt 0:00:07]} 9. h3 {[%emt 0:00:40]} Qb6 {[%emt 0:00:25]} 10. Re1 {[%emt 0:01:23]} exd4 {[%emt 0:01:11]} 11. Nxd4 {[%emt 0:00:58]} Re8 {[%emt 0:00:05]} 12. Nb3 {[%emt 0:03:27]} Ne5 {[%emt 0:01:43]} 13. Bf1 {[%emt 0:06:51]} Be6 {[%emt 0:00:49]} 14. Be3 {[%emt 0:00:32]} c5 {[%emt 0:05:04]} 15. Nd5 {[%emt 0:06:59]} Bxd5 {[%emt 0:01:47]} 16. exd5 {[%emt 0:00:05]} Ne4 {[%emt 0:10:41]} 17. Kg2 {[%emt 0:04:52]} a5 {[%emt 0:24:40]} 18. Rb1 {[%emt 0:01:23]} a4 {[%emt 0:06:34]} 19. Nd2 {[%emt 0:00:15]} Nd7 {[%emt 0:02:27]} 20. Nxe4 {[%emt 0:02:10]} Rxe4 {[%emt 0:00:01]} 21. Qc2 {[%emt 0:00:50]} Ree8 {[%emt 0:04:20]} 22. h4 {[%emt 0:00:51]} h5 {[%emt 0:01:38]} 23. Be2 {[%emt 0:02:02]} Qc7 {[%emt 0:07:35]} 24. Bf4 {[%emt 0:04:29]} a3 {[%emt 0:01:34]} 25. b3 {[%emt 0:01:08]} Ne5 {[%emt 0:09:04]} 26. Rbd1 {[%emt 0:01:13]} Qd7 {[%emt 0:01:49]} 27. Bc1 {[%emt 0:00:42]} Kf8 {[%emt 0:03:22]} 28. Bf1 {[%emt 0:01:43]} Ng4 {[%emt 0:01:12]} 29. Rxe8+ {[%emt 0:03:55]} Qxe8 {[%emt 0:00:19]} 30. Be2 {[%emt 0:01:14]} Nh6 {[%emt 0:02:50]} 31. Bd3 {[%emt 0:02:17]} Ng4 {[%emt 0:00:14]} 32. Rd2 {[%emt 0:07:43]} Qe5 {[%emt 0:04:52]} 33. Re2 {[%emt 0:00:41]} Qa1 {[%emt 0:00:17]} 34. Bf4 {[%emt 0:07:37]} Ne5 {[%emt 0:01:45]} 35. Bxe5 {[%emt 0:01:12]} dxe5 {[%emt 0:04:00]} 36. b4 {[%emt 0:01:33]} cxb4 {[%emt 0:00:49]} 37. Bxg6 {[%emt 0:04:50]} fxg6 {[%emt 0:00:08]} 38. Qxg6 {[%emt 0:00:01]} b3 {[%emt 0:00:35]} 39. Re3 {[%emt 0:00:40]} Qd1 {[%emt 0:01:14]} 40. Rxe5 {[%emt 0:06:41]} bxa2 {[%emt 0:01:07]} 41. Rf5+ {[%emt 0:07:55]} Kg8 {[%emt 0:00:09]} 42. Qf7+ {[%emt 0:00:32]} Kh8 {[%emt 0:00:12]} 43. Rxh5+ {[%emt 0:00:04]} Qxh5 {[%emt 0:00:05]} 44. Qxh5+ {[%emt 0:00:04]} Kg8 {[%emt 0:00:03]} 45. d6 {[%emt 0:00:13]} a1=Q {[%emt 0:00:21]} 46. Qd5+ {[%emt 0:00:05]} Kf8 {[%emt 0:00:34]} 47. Qxb7 {[%emt 0:00:20]} Re8 {[%emt 0:00:22]} 48. Qf3+ {[%emt 0:02:54]} Bf6 {[%emt 0:00:21]} 49. c5 {[%emt 0:00:05]} Qc3 {[%emt 0:00:51]} 50. Qf5 {[%emt 0:01:24]} a2 {[%emt 0:00:22]} 51. d7 {[%emt 0:00:07]} Rd8 {[%emt 0:00:33]} 0-1

[Event "Hunan Belt and Road Open 2019"]
[Site "Hunan"]
[Date "2019.08.06"]
[Round "9.1"]
[White "Ganguly, Surya Shekhar"]
[Black "Vallejo Pons, Francisco"]
[Result "1/2-1/2"]
[WhiteElo "2638"]
[BlackElo "2687"]
[Annotator "TA"]
[PlyCount "72"]
[EventDate "2019.07.29"]
[EventType "swiss"]
[EventCountry "CHN"]
[SourceTitle "playchess.com"]
[Source "ChessBase"]
[SourceQuality "1"]

{[%evp 22,72,0,0,29,0,10,0,0,-33,33,-16,0,-7,-7,-7,-11,-5,-5,-12,-12,-7,0,-4,-7,-53,-39,-59,-50,-58,-43,-59,-62,-111,-112,-110,-110,-157,-157,-157,-156,-154,-161,-137,-114,-154,-140,-137,-139,-176,-38,-44,0]} 1. e4 c5 2. Nf3 d6 3. d4 cxd4 4. Nxd4 Nf6 5. Nc3 a6 6. Be3 Ng4 7. Bc1 Nf6 8. Be3 e6 9. Be2 Nbd7 10. a4 b6 11. O-O Bb7 12. f3 Be7 {B84: Sicilian Scheveningen: 6 Be2 a6, lines without early Be3} 13. Qe1 (13. Bc4 $5 {[%cal Rc4e6]}) (13. Qd2 O-O 14. Rfd1 Qc7 15. Bf1 Rac8 16. Qf2 Qb8 17. Qg3 Kh8 18. Qh3 Rg8 19. g4 g5 20. Qg3 Ne5 21. Rd2 d5 22. exd5 Rxc3 23. bxc3 Nxd5 24. Qf2 Bc5 25. Rd3 Nxd3 26. Bxd3 Nxe3 {0-1 (24) Toma,K (2312)-Bauer,C (2632) Reading 2017}) 13... Qc7 14. Qf2 O-O {The position is equal.} 15. Rfd1 Rfc8 (15... d5 $15) 16. Nb3 h6 $146 ({Predecessor:} 16... Nc5 17. Nxc5 bxc5 18. a5 d5 {1-0 (40) Bondar,L (2023)-Sasu Ducsoara,A (2170) Kamena Vourla 2012}) 17. Kh1 d5 18. exd5 Bxd5 19. Nxd5 Nxd5 20. c3 Nxe3 21. Qxe3 Nf6 22. Bd3 Rd8 23. Bc2 h5 24. g3 Rxd1+ 25. Rxd1 b5 26. axb5 axb5 27. Ra1 Rxa1+ 28. Nxa1 {[#]} h4 $1 {[%mdl 512]} 29. gxh4 Qc4 30. Bd3 Qxh4 31. Nc2 Bd6 {[%csl Gd6][%cal Rh4h2]} 32. Qd2 Qh5 33. Nd4 Be5 ({Resist} 33... e5 34. Nf5 $17) 34. Qf2 g6 35. Be2 Bxd4 (35... Qg5 $19 {Hoping for ...Qc1+.} 36. Bf1 {[#]} b4 $1 {[%mdl 512]} 37. cxb4 Qf4) 36. Qxd4 $15 Kg7 {Accuracy: White = 32%, Black = 52%.} 1/2-1/2

[Event "Hunan Belt and Road Open 2019"]
[Site "Hunan"]
[Date "2019.08.06"]
[Round "9.2"]
[White "Anton Guijarro, David"]
[Black "Amin, Bassem"]
[Result "1/2-1/2"]
[WhiteElo "2678"]
[BlackElo "2707"]
[Annotator "TA"]
[PlyCount "61"]
[EventDate "2019.07.29"]
[EventType "swiss"]
[EventCountry "CHN"]
[SourceTitle "playchess.com"]
[Source "ChessBase"]
[SourceQuality "1"]

{[%evp 12,61,39,46,36,38,39,30,42,45,48,20,52,25,33,24,56,37,30,24,31,29,42,45,39,43,53,2,6,4,33,17,23,-27,-21,-23,-22,-20,-28,-25,-13,-37,-13,-28,-20,-22,-3,-4,0,0,0,0]} 1. d4 Nf6 2. c4 g6 3. Nc3 Bg7 4. e4 d6 5. h3 O-O 6. Be3 c6 7. Nf3 Na6 {E90: King's Indian: Classical: Early deviations and 6 h3} 8. Bd3 (8. Rc1 e5 9. d5 cxd5 10. cxd5 Ne8 11. g4 Kh8 12. Be2 f5 13. gxf5 gxf5 14. exf5 Bxf5 15. Ng5 {1-0 (36) Nepomniachtchi,I (2751)-Adhiban,B (2677) Tbilisi 2017}) 8... e5 9. d5 Nh5 {White has an edge.} 10. O-O Nf4 11. Bc2 $146 ({Predecessor:} 11. a3 f5 12. Bxf4 exf4 13. exf5 gxf5 14. Qd2 Nc5 {1-0 (42) Bryakin,M (2426)-Kryakvin,D (2588) Moscow 2019}) 11... Qf6 12. Kh2 Bd7 13. a3 Rfc8 14. Ng1 (14. Rh1 $5 {[%cal Rg2g3]}) 14... cxd5 15. cxd5 Qd8 16. Rc1 b5 17. g3 Nh5 $1 18. Bd3 Qe8 19. Qe2 (19. Be2 $14) 19... Nc7 $11 20. Rc2 f5 21. Rfc1 Rcb8 22. Nb1 Nxd5 $1 23. exd5 {Qe1 is the strong threat.} e4 24. Bxe4 fxe4 25. Qd2 a5 26. Bd4 Nf6 27. Ne2 b4 28. Nf4 {The position is equal.} g5 29. Ne6 $1 {[%cal Re6g7]} Bxe6 30. dxe6 Qxe6 31. Qxg5 {Accuracy: White = 59%, Black = 56%.} 1/2-1/2

[Event "Hunan Belt and Road Open 2019"]
[Site "Hunan"]
[Date "2019.08.06"]
[Round "9.3"]
[White "Yu, Yangyi"]
[Black "Parligras, Mircea-Emilian"]
[Result "1-0"]
[WhiteElo "2736"]
[BlackElo "2638"]
[Annotator "TA"]
[PlyCount "107"]
[EventDate "2019.07.29"]
[EventType "swiss"]
[EventCountry "CHN"]
[SourceTitle "playchess.com"]
[Source "ChessBase"]
[SourceQuality "1"]

{[%evp 18,107,-6,-10,4,0,0,0,5,2,7,-9,0,-35,32,29,61,54,55,56,93,66,74,62,54,66,77,62,59,67,66,66,67,62,112,122,110,112,118,125,122,120,115,113,119,116,120,114,119,117,116,92,107,100,104,82,145,135,135,147,158,159,159,161,160,132,137,143,164,129,122,131,224,233,299,298,358,369,325,332,383,341,593,591,587,590,554,510,29995,29981,29981,29982]} 1. d4 Nf6 2. c4 e6 3. Nc3 Bb4 4. Nf3 b6 5. Qc2 Bb7 6. a3 Bxc3+ 7. Qxc3 O-O 8. Bg5 d6 9. Nd2 Nbd7 10. f3 Rc8 {E32: Nimzo-Indian: Classical (4 Qc2): 4...0-0} 11. e3 c5 12. Be2 h6 {The position is equal.} 13. Bh4 d5 14. dxc5 Rxc5 15. b4 Rc8 (15... Rc6 $15) 16. Qb2 $14 {[#]} Qc7 $146 ({Predecessor:} 16... Qe7 17. O-O Rfd8 18. Rac1 Nf8 19. cxd5 exd5 20. Rxc8 Rxc8 {½-½ (99) Gajewski,G (2615)-Socko,B (2590) Warsaw 2017}) 17. Bg3 $36 {[%mdl 2048] White has the initiative.} Qd8 18. O-O Nh5 19. Bf2 Qf6 20. Qxf6 Nhxf6 21. Rfc1 Ne5 22. cxd5 Nxd5 23. Bg3 Ng6 24. Nc4 Ba6 25. Kf2 Rfd8 {[#]} 26. Nxb6 $1 {[%mdl 576] Discovered Attack} Rxc1 (26... axb6 27. Bxa6) 27. Rxc1 Bxe2 28. Nxd5 Bb5 29. Nc3 Rc8 30. Bd6 a6 31. e4 Rc6 32. Bc5 Ne5 {Hoping for ...Nd3+.} 33. Rc2 Bc4 34. Ne2 {And now Nd4 would win.} Bb3 35. Rd2 Rc8 36. Rd4 f6 (36... g5 $142) 37. Nc1 $16 Ba4 38. Rd6 Rc6 39. Rd8+ Kh7 40. Ne2 Rc7 41. Nf4 Bb3 42. Re8 a5 43. Kg3 axb4 44. axb4 Rc6 (44... Rb7 $16 45. Nxe6 Bxe6) 45. h4 $18 Bc4 {[#]} 46. h5 $1 g5 47. hxg6+ Nxg6 {[#]} 48. Nh5 $1 f5 49. Rd8 {aiming for Rd7+.} Ne5 $2 (49... f4+ {was necessary.} 50. Nxf4 Nxf4) 50. Bd4 Nd3 {Now ...e5 and Black clings on.} 51. Rd7+ Kg8 {If Black can now play ...e5 this consolidates a bit.} 52. Bg7 {[%cal Rh5f6]} Kh7 (52... e5 $18 53. Nf6+ Rxf6 54. Bxf6 fxe4 55. fxe4 Bb5) 53. Bf6+ Kg8 54. Rg7+ {Accuracy: White = 85%, Black = 51%.} 1-0

[Event "Hunan Belt and Road Open 2019"]
[Site "Hunan"]
[Date "2019.08.06"]
[Round "9.4"]
[White "Wei, Yi"]
[Black "Narayanan.S.L"]
[Result "1-0"]
[WhiteElo "2737"]
[BlackElo "2616"]
[Annotator "RC"]
[PlyCount "151"]
[EventDate "2019.07.29"]
[EventType "swiss"]
[EventCountry "CHN"]
[SourceTitle "playchess.com"]
[Source "ChessBase"]
[SourceQuality "1"]
[TimeControl "5400+30"]

1. d4 {[%emt 0:00:00]} Nf6 {[%emt 0:03:53]} 2. Bg5 {[%emt 0:00:00]} d5 {[%emt 0:01:02]} 3. e3 {[%emt 0:00:02]} c5 {[%emt 0:00:53]} 4. c3 {[%emt 0:00:48]} Nc6 {[%emt 0:00:55]} 5. Nd2 {[%emt 0:00:32]} Qb6 {[%emt 0:05:13]} 6. Qc2 {[%emt 0:26:34]} g6 {[%emt 0:07:22]} 7. dxc5 {[%emt 0:07:52]} Qxc5 {[%emt 0:00:11]} 8. Bxf6 {[%emt 0:00:21]} exf6 {[%emt 0:00:04]} 9. Rd1 {[%emt 0:07:16]} Be6 {[%emt 0:03:32]} 10. Nb3 {[%emt 0:06:55]} Qb6 {[%emt 0:00:16]} 11. Ne2 {[%emt 0:02:44]} Bh6 {[%emt 0:10:13]} 12. Ned4 {[%emt 0:00:19]} f5 {[%emt 0:00:43]} 13. g3 {[%emt 0:00:44]} O-O {[%emt 0:02:24]} 14. Bg2 {[%emt 0:00:36]} Rac8 {[%emt 0:00:25]} 15. O-O {[%emt 0:00:18]} Rfd8 {[%emt 0:00:35]} 16. Ne2 {[%emt 0:06:26]} Ne5 {[%emt 0:11:37]} 17. Rd4 {[%emt 0:04:25]} Nc4 {[%emt 0:11:04]} 18. Nf4 {[%emt 0:03:31]} Bxf4 {[%emt 0:01:47]} 19. exf4 {[%emt 0:02:23]} a5 {[%emt 0:00:16]} 20. a4 {[%emt 0:00:53]} Bd7 {[%emt 0:08:30]} 21. Ra1 {[%emt 0:02:05]} Bc6 {[%emt 0:00:12]} 22. Ra2 {[%emt 0:04:14]} Re8 {[%emt 0:00:26]} 23. Rd1 {[%emt 0:00:15]} Rc7 {[%emt 0:01:39]} 24. Nd4 {[%emt 0:00:14]} Rce7 {[%emt 0:00:31]} 25. Bf1 {[%emt 0:01:32]} Re1 {[%emt 0:06:55]} 26. Rxe1 {[%emt 0:02:33]} Rxe1 {[%emt 0:00:04]} 27. b3 {[%emt 0:00:15]} Nd6 {[%emt 0:00:26]} 28. Qd2 {[%emt 0:02:20]} Re8 {[%emt 0:00:36]} 29. f3 {[%emt 0:00:31]} Bd7 {[%emt 0:00:09]} 30. Kg2 {[%emt 0:00:59]} Qc5 {[%emt 0:00:57]} 31. b4 {[%emt 0:06:15]} Qc7 {[%emt 0:00:32]} 32. b5 {[%emt 0:02:27]} b6 {[%emt 0:00:38]} 33. Bd3 {[%emt 0:00:31]} Qc5 {[%emt 0:03:57]} 34. Nb3 {[%emt 0:00:37]} Qc7 {[%emt 0:00:41]} 35. Ra1 {[%emt 0:01:35]} Rc8 {[%emt 0:01:36]} 36. Rc1 {[%emt 0:00:02]} Nc4 {[%emt 0:01:06]} 37. Qf2 {[%emt 0:01:24]} Qd6 {[%emt 0:00:42]} 38. Ra1 {[%emt 0:00:38]} Qc7 {[%emt 0:00:28]} 39. Nd4 {[%emt 0:00:47]} Qc5 {[%emt 0:02:12]} 40. Bxc4 {[%emt 0:01:49]} Qxc4 {[%emt 0:00:24]} 41. Ra3 {[%emt 0:00:04]} Re8 {[%emt 0:01:57]} 42. Qf1 {[%emt 0:01:00]} Re3 {[%emt 0:00:56]} 43. Qxc4 {[%emt 0:01:21]} dxc4 {[%emt 0:00:18]} 44. Kf2 {[%emt 0:00:03]} Rd3 {[%emt 0:00:09]} 45. Ke2 {[%emt 0:00:13]} Kf8 {[%emt 0:01:31]} 46. Nc2 {[%emt 0:00:11]} Ke7 {[%emt 0:00:27]} 47. Ne1 {[%emt 0:00:22]} Rd6 {[%emt 0:00:28]} 48. Ra2 {[%emt 0:00:05]} Be6 {[%emt 0:02:05]} 49. Rd2 {[%emt 0:01:49]} h5 {[%emt 0:00:20]} 50. Nc2 {[%emt 0:01:52]} Rxd2+ {[%emt 0:00:05]} 51. Kxd2 {[%emt 0:00:02]} Kd6 {[%emt 0:00:12]} 52. Ne3 {[%emt 0:00:40]} f6 {[%emt 0:00:51]} 53. Ke1 {[%emt 0:02:48]} Ke7 {[%emt 0:00:23]} 54. Kf2 {[%emt 0:00:09]} Bf7 {[%emt 0:00:06]} 55. Nc2 {[%emt 0:00:37]} Bd5 {[%emt 0:00:18]} 56. Ke3 {[%emt 0:00:22]} Kd6 {[%emt 0:01:33]} 57. Kd4 {[%emt 0:01:00]} Bxf3 {[%emt 0:00:07]} 58. Ne3 {[%emt 0:00:02]} Be4 {[%emt 0:01:30]} 59. Nxc4+ {[%emt 0:00:04]} Kc7 {[%emt 0:00:03]} 60. Ne3 {[%emt 0:00:01]} Kd6 {[%emt 0:00:05]} 61. Nc4+ {[%emt 0:01:24]} Kc7 {[%emt 0:00:04]} 62. Ne3 {[%emt 0:00:04]} Kd6 {[%emt 0:00:25]} 63. h4 {[%emt 0:02:48]} Bb7 {[%emt 0:00:51]} 64. Nc4+ {[%emt 0:00:00]} Kc7 {[%emt 0:00:03]} 65. Ne3 {[%emt 0:00:00]} Kd6 {[%emt 0:00:02]} 66. Nc4+ {[%emt 0:00:00]} Kc7 {[%emt 0:00:02]} 67. Nd2 {[%emt 0:00:10]} Kd6 {[%emt 0:01:58]} 68. c4 {[%emt 0:00:15]} Bg2 {[%emt 0:00:10]} 69. Nb3 {[%emt 0:00:23]} Bf3 {[%emt 0:00:37]} 70. c5+ {[%emt 0:00:09]} bxc5+ {[%emt 0:00:40]} 71. Nxc5 {[%emt 0:00:05]} Bd5 {[%emt 0:00:14]} 72. Nd7 {[%emt 0:00:08]} Bb3 {[%emt 0:00:08]} 73. Nb6 {[%emt 0:00:07]} Bd1 {[%emt 0:01:28]} 74. Nc4+ {[%emt 0:00:06]} Kc7 {[%emt 0:00:08]} 75. Kc5 {[%emt 0:00:03]} Bxa4 {[%emt 0:00:05]} 76. Nxa5 {[%emt 0:00:04]} 1-0

[Event "Hunan Belt and Road Open 2019"]
[Site "Hunan"]
[Date "2019.08.06"]
[Round "9.5"]
[White "Zhao, Jun"]
[Black "Wang, Hao"]
[Result "0-1"]
[WhiteElo "2636"]
[BlackElo "2725"]
[Annotator "TA"]
[PlyCount "76"]
[EventDate "2019.07.29"]
[EventType "swiss"]
[EventCountry "CHN"]
[SourceTitle "playchess.com"]
[Source "ChessBase"]
[SourceQuality "1"]

{[%evp 16,76,26,18,29,25,27,22,36,37,36,28,20,15,34,0,0,0,41,0,0,-7,0,-46,-28,-25,-29,-48,-37,-26,-33,-47,-37,-166,-97,-177,-188,-188,-193,-178,-179,-389,-432,-399,-402,-1150,-1177,-958,-941,-1457,-1498,-1422,-1425,-989,-958,-953,-1375,-1233,-1066,-1341,-1355,-1102,-906]} 1. e4 c5 2. Nf3 Nc6 3. Bb5 g6 4. Bxc6 dxc6 5. d3 Bg7 6. h3 Nf6 7. Nc3 Nd7 8. Be3 e5 9. Qd2 h6 {B31: Sicilian: 2...Nc6 3 Bb5 g6} 10. O-O b6 11. a3 Nf8 {The position is equal.} 12. b4 Ne6 13. bxc5 f5 14. exf5 $1 gxf5 {White should prevent ...f4.} 15. Qc1 {[#]} (15. Qe1 O-O 16. Rb1 e4 17. dxe4 {0-1 (36) Wang,H (2730)-Carlsen,M (2835) St Petersburg 2018}) 15... e4 $146 {[%mdl 2048] White is under pressure.} ({Predecessor:} 15... f4) 16. dxe4 f4 17. Rd1 Qe7 18. Bd4 Rg8 19. Qd2 (19. cxb6 $2 Nxd4 20. Qxf4 (20. Nxd4 $2 Bxd4 21. Rxd4 Qg7 $19 {[%mdl 64] Double Attack}) 20... Rf8 $19) (19. e5 {is more complex.} bxc5 20. Be3 fxe3 21. Qxe3 Kf7 22. Rab1) 19... Nxd4 20. Nxd4 Bxd4 21. Qxd4 Bxh3 $1 22. g3 $1 (22. cxb6 $2 Bxg2 23. Ne2 (23. Qc4 $2 Rg6 $19) 23... Bh3+ 24. Ng3 fxg3 $19) 22... fxg3 23. f4 Kf7 {...Bg4 is the strong threat.} 24. cxb6 (24. Qd6 $1 $15) 24... Rad8 ({Black should try} 24... Rgd8 $1 $19 {[%cal Rd8d4]} 25. b7 Rxd4 26. bxa8=Q Qc5 $1 {[%mdl 512]}) 25. Qe3 (25. Qe5 $17 Qxe5 26. fxe5 axb6 27. Rd6) 25... Qh4 $1 $19 26. Rxd8 (26. bxa7 $2 Bg4 $19) 26... Rxd8 27. Ne2 {Hoping for b7.} Rg8 $1 28. bxa7 $2 (28. b7 Bd7 29. b8=Q (29. Qb3+ $2 Be6 $19) 29... Rxb8 30. Rd1 (30. Nxg3 $2 Rg8 $19) 30... Qh2+ 31. Kf1 g2+ 32. Ke1) 28... Be6 {aiming for ...Qh2+.} 29. a8=Q Rxa8 ({Less strong is} 29... Qh2+ 30. Kf1 $15) 30. Nxg3 {[#]} (30. Rb1 $142 Rxa3 31. Qd4 (31. Rb7+ $2 Kg8 $19)) 30... Rg8 $1 {[%mdl 512] Black is clearly winning.} 31. Qa7+ {[#]} Kf8 $1 {[%mdl 512]} 32. Qc5+ {[#]} Ke8 $1 {[%mdl 512]} 33. Qxc6+ Bd7 $1 34. Qa8+ {[#]} Kf7 $1 {[%mdl 512]} 35. Qd5+ {[#]} Be6 $1 36. Qb7+ {[#]} Kf8 $1 {[%mdl 512]} 37. Qb8+ {[#]} Kg7 $1 {[%mdl 512]} 38. Qe5+ Kh7 {Accuracy: White = 25%, Black = 79%.} 0-1

[Event "Hunan Belt and Road Open 2019"]
[Site "Hunan"]
[Date "2019.08.06"]
[Round "9.6"]
[White "Matlakov, Maxim"]
[Black "Wen, Yang"]
[Result "1-0"]
[WhiteElo "2701"]
[BlackElo "2586"]
[Annotator "TA"]
[PlyCount "101"]
[EventDate "2019.07.29"]
[EventType "swiss"]
[EventCountry "CHN"]
[SourceTitle "playchess.com"]
[Source "ChessBase"]
[SourceQuality "1"]

{[%evp 9,101,-19,-8,-11,0,0,0,0,10,0,10,6,16,0,0,-14,-12,-17,0,0,0,-22,7,0,62,63,48,24,25,48,72,55,95,86,118,106,76,65,70,57,59,56,58,55,70,65,70,56,71,70,153,164,168,158,154,161,157,128,153,129,136,128,123,106,173,134,202,145,151,138,141,135,277,256,345,353,347,348,417,355,344,351,341,318,398,397,400,400,624,435,1129,977,2105,487]} 1. d4 d5 2. c4 c6 3. Nf3 Nf6 4. Nc3 dxc4 5. e4 b5 $1 6. Be2 {D15: Slav Defence: 4 Nc3 a6 and gambit lines after 4 Nc3 dxc4} b4 (6... e6 7. O-O Be7 8. a4 b4 9. e5 Nd5 10. Ne4 Ba6 11. Bd2 Qa5 12. Rc1 Nd7 13. Bxc4 Bxc4 14. Rxc4 {½-½ (39) Salem,A (2672)-Shankland,S (2725) chess.com INT 2019}) 7. Na4 Nxe4 8. Bxc4 {The position is equal.} e6 9. O-O Be7 10. Re1 Nf6 11. Bg5 Nbd7 12. Qc2 O-O $146 ({Predecessor:} 12... Bb7 13. Rad1 O-O {1-0 (31) Lopang,T-Zainal Fahrah,A Bled 2002}) 13. Rad1 Nd5 14. Bxe7 Qxe7 15. Ne5 N7b6 16. Bd3 Nf6 ({Black should play} 16... Nxa4 $11 17. Qxa4 Bb7) 17. Nc5 $36 {[%mdl 3072] White has compensation. Black is under pressure.} Nbd5 18. Bc4 a5 19. Rd3 Nb6 20. Bb3 (20. Nxc6 Qc7 $11) 20... Nfd5 21. Rh3 {[%csl Gh3][%cal Rc2h7] [#]} h6 22. Re4 (22. Nxc6 Qc7 $14) 22... f5 23. Re1 ({Not} 23. Nxc6 $2 Qd6 $19) 23... Qd6 24. Rg3 Rf6 25. a3 Ra7 26. h3 Kh7 27. h4 Rc7 28. Qd2 Ra7 29. Ba2 (29. Bc2 {looks sharper.} Kg8 30. axb4 Nxb4 31. Bb3 Kh7 32. h5) 29... Bd7 ({Black should try} 29... Rf8 $14) 30. Bxd5 $16 Nxd5 31. Nexd7 Rxd7 32. Nxd7 Qxd7 33. Rc1 Rf8 34. Qc2 Nf4 35. Rd1 Rb8 36. Rf3 Nd5 (36... g5 $16 {is a better defense.}) 37. Re1 Kh8 (37... Nf6 $16 38. Rfe3 Ne4) 38. Re5 bxa3 39. bxa3 Nf6 40. Rb3 Rxb3 (40... Rd8 $16 {was necessary.}) 41. Qxb3 {[%mdl 4096] Endgame KQR-KQN} Ng4 42. Re2 ({Inferior is} 42. Qxe6 Nxe5 43. Qxe5 Qd5 $11) ({Don't take} 42. Rxe6 Qxd4 43. Re8+ Kh7 $18) 42... Qxd4 {( -> ...Qa1+)} 43. Qxe6 {[%mdl 64] [#] Black must now prevent Qc8+. Double Attack} Qd1+ 44. Re1 Qc2 45. Qe2 Qc5 46. Qf3 Nf6 47. g3 Ne4 48. g4 Nd6 (48... Kg8 $142 49. Qxf5 Qxf5 50. gxf5 Nd2) 49. Re6 $18 {White is clearly winning.} Kg8 (49... Nb5 $142 50. Rxc6 Qe5 51. Qxf5 Qxf5 52. gxf5 Nxa3 53. Rc8+ Kh7) 50. Qf4 Nb5 51. Re8+ {Accuracy: White = 59%, Black = 42%.} (51. Qb8+ $142 Kh7 52. Qe8) 1-0

[Event "Hunan Belt and Road Open 2019"]
[Site "Hunan"]
[Date "2019.08.06"]
[Round "9.7"]
[White "Cheparinov, Ivan"]
[Black "Zeng, Chongsheng"]
[Result "1-0"]
[WhiteElo "2666"]
[BlackElo "2551"]
[Annotator "TA"]
[PlyCount "49"]
[EventDate "2019.07.29"]
[EventType "swiss"]
[EventCountry "CHN"]
[SourceTitle "playchess.com"]
[Source "ChessBase"]
[SourceQuality "1"]

{[%evp 24,49,37,8,89,80,87,87,81,93,88,95,172,177,176,175,289,281,306,290,505,497,502,499,477,421,3740,3408]} 1. Nf3 Nf6 2. c4 g6 3. Nc3 d5 4. cxd5 Nxd5 5. Qb3 Nb6 6. d4 Bg7 7. e4 O-O 8. Be3 Bg4 9. Rd1 Nc6 10. d5 Ne5 11. Be2 Nxf3+ 12. gxf3 Bh5 13. Rg1 c6 {D99: Grünfeld: Russian System: 7 e4 Bg4 8 Be3 Nfd7 9 Qb3} (13... Qc8 $11 {keeps the balance.}) (13... Qc8 14. a4 Nd7 15. Rg3 c6 16. Kf1 Nf6 17. Kg2 Qc7 18. Rc1 Qd7 19. Rd1 Qc7 20. Rc1 Kh8 21. Qc4 Qd7 22. dxc6 bxc6 {½-½ (50) Jojua,D (2579)-Nepomniachtchi,I (2714) Jerusalem 2015}) 14. dxc6 $16 {[%mdl 64] [#] Discovered Attack} Qc7 15. cxb7 Rab8 $146 {White is better.} ({Predecessor:} 15... Qxb7 16. Rd5 Kh8 17. Na4 Qc7 18. Nxb6 axb6 19. f4 Bxe2 20. Kxe2 Qb7 21. a3 {½-½ (33) Dahm,B-Liebau,A Germany 1989}) 16. Rg3 {Hoping for Ba6.} Rxb7 17. Kf1 Rd8 (17... e6 $16) 18. Rxd8+ $18 Qxd8 {[#]} 19. Nd5 $1 $36 {[%mdl 2048] White is really pushing.} Be5 (19... Qd7 {might work better.}) 20. Nf4 Bxf4 21. Bxf4 Qd4 $2 (21... e6 22. Qb5 Kh8 23. Qe5+ f6 24. Qxe6 Qe7 25. Qxe7 Rxe7) 22. Qb5 {White is clearly winning.} Rd7 23. Qxh5 Qxb2 24. Qe5 Qxa2 (24... Qxe5 $142 25. Bxe5 Rd2) 25. Bh6 1-0

[Event "Hunan Belt and Road Open 2019"]
[Site "Hunan"]
[Date "2019.08.06"]
[Round "9.8"]
[White "Zhou, Jianchao"]
[Black "Nguyen, Ngoc Truong Son"]
[Result "1/2-1/2"]
[WhiteElo "2608"]
[BlackElo "2636"]
[Annotator "TA"]
[PlyCount "46"]
[EventDate "2019.07.29"]
[EventType "swiss"]
[EventCountry "CHN"]
[SourceTitle "playchess.com"]
[Source "ChessBase"]
[SourceQuality "1"]

{[%evp 14,46,23,16,17,16,10,14,23,30,29,4,2,3,12,11,14,0,0,0,15,10,15,6,21,15,29,14,16,0,25,0,12,0,24]} 1. d4 Nf6 2. c4 e6 3. Nf3 d5 4. Nc3 Be7 5. Bf4 O-O 6. e3 Nbd7 7. c5 c6 8. h3 b6 {D37: Queen's Gambit Declined: 5 Bf4} 9. b4 a5 10. a3 $1 h6 11. Bd3 Ba6 {[#] ...Bxd3 is the strong threat.} 12. Bxa6 $146 (12. O-O Qc8 13. Qc2 Bxd3 14. Qxd3 Qb7 {½-½ (44) Nakamura,H (2780)-Topalov,V (2749) Saint Louis 2017}) ({Predecessor:} 12. O-O Qc8 13. Rb1 axb4 14. axb4 Bxd3 15. Qxd3 Qb7 16. Rfc1 {0-1 (46) Ovod,E (2364)-Mkrtchian,L (2376) Riadh 2017}) 12... Rxa6 13. O-O Qc8 14. Qc2 Qb7 15. Rab1 axb4 16. axb4 Ra3 17. Rfc1 Rfa8 18. Nd2 bxc5 19. bxc5 Qa6 20. Nb3 Qc4 21. Nd2 Qa6 22. Nb3 Qc4 23. Nd2 Qa6 {Accuracy: White = 48%, Black = 53%.} 1/2-1/2